000 00477nam a2200157Ia 4500
008 100204s9999 xx 000 0 und d
082 _b15530
100 _aबच्चन हरिवंशराय
245 _aमधुशाला
260 _b"शब्दांगण प्रकाशन , ठाणे"
300 _a135
630 _aमधुशाला
700 _aपंडित वामन
730 _aमधुशाला
942 _cBOOK
999 _c459961
_d459958